000 00687nam a22002297a 4500
003 UA-OsUOA
001 54165
007 ta
008 20080527b un ||||| |||| 00| 0 ukr d
090 _a347.73(477)
_bС91
942 _cBK
040 _aUA-OsUOA
_bukr
_cUA-OsUOA
_dUA-OsUOA
245 _aСучасний стан та перспективи розвитку фінансового права
_bЗбірник доповідей
300 _a408 с.
955 _a2
041 _aukr
080 _a347.73(477)
020 _a978-966-377-108-5
260 _aІрпінь
_c2007
650 7 _a347 Цивільне право. Судовий устрій
_2UDC
999 _c340209
_d340209